000 00681nam a22001937a 4500
003 DO-SdBNP
005 20171129101231.0
008 171129b 1971 sp ||||| |||| 00| 0 spa d
040 _aBPMSU
_bsp
_cBPMSU
092 _axxxx
_bxxxx
100 1 _aRuiz-Copete, Juan de Dios,
_d1929-
245 1 0 _aPoetas de Sevilla; de la generación del "27" a los "taifas" del cincuenta y tantos /
_cJuan de Dios Ruiz-Copete.
260 _aSevilla :
_bGonzález Cabañas,
_c1971.
300 _a397 p. :
_bil., retrs. ;
_c22 cm.
500 _aIncluye datos del autor en la solapa de la cubierta
942 _2ddc
_cBK
945 _aInventariado 2017 /LP
956 _aLOPEREZ
_b10
_c20171129
_d0041
999 _c13200
_d13200